00767nam a22002177a 4500003000500000005001700005008004100022010001000063011001000073035001000083040000900093100003800102245011500140260004000255300001000295502009700305650003200402650004200434650003700476650003600513CHAP20220329135145.0971013s1977 r 00010 d a31855 a32827 a36942 cCHAP00aNenninger Aguilar, Oscar Alberto. aFactibilidad económica de la fertilización nitrogenada al suelo en una variedad de trigo en Apodaca, N. L. aMonterrey, N. L. :bEl autor,c1977 a57 h. aTesis (Ing. Agr. Administrador) -- ITESM. División de Ciencias Agropecuarias y Marítimas14aFertilizantes nitrogenados.14aFertilizantesxAspectos económicos.14aFertilizantesxEfecto en suelos.14aFertilizantesxEfecto en trigo.